000 00351nam a2200169Ia 4500
100 _aKrishnamurthi/V
650 _aControl Systems
942 _cBK
366 _f20
654 _acontrol systems
245 _aControl systems
260 _bCBS
_c2014
082 _a629.8312
_bKRI
300 _a734
546 _aENGLISH
_cInfo.Tech
999 _c25858
_d25858